Internepcon Japan, semiconductor '85, electrotest Japan '85
Guardat en:
| Autor corporatiu: | |
|---|---|
| Format: | Llibre |
| Idioma: | Undetermined |
| Publicat: |
Japan
Cahners Exposition Group
1985
|
| Matèries: | |
| Etiquetes: |
Afegir etiqueta
Sense etiquetes, Sigues el primer a etiquetar aquest registre!
|
| Thư viện lưu trữ: | Trung tâm Học liệu Trường Đại học Cần Thơ |
|---|
| LEADER | 00532nam a2200181Ia 4500 | ||
|---|---|---|---|
| 001 | CTU_83587 | ||
| 008 | 210402s9999 xx 000 0 und d | ||
| 082 | |a 621.38 | ||
| 082 | |b C132 | ||
| 110 | |a Cahners Exposition Group | ||
| 245 | 0 | |a Internepcon Japan, semiconductor '85, electrotest Japan '85 | |
| 245 | 0 | |c Cahners Exposition Group | |
| 260 | |a Japan | ||
| 260 | |b Cahners Exposition Group | ||
| 260 | |c 1985 | ||
| 650 | |a Semiconductors | ||
| 904 | |i Qhieu(sửa) | ||
| 980 | |a Trung tâm Học liệu Trường Đại học Cần Thơ | ||